Field Drainage (Record no. 2804)

MARC details
000 -LEADER
fixed length control field 00250nam a22001217a 4500
041 ## - LANGUAGE CODE
Language code of text/sound track or separate title ENG
100 ## - MAIN ENTRY--PERSONAL NAME
Personal name Livesley.M.C
245 ## - TITLE STATEMENT
Title Field Drainage
260 ## - PUBLICATION, DISTRIBUTION, ETC. (IMPRINT)
Place of publication, distribution, etc London
Name of publisher, distributor, etc E.& F.N.Spon
Date of publication, distribution, etc 1960
300 ## - PHYSICAL DESCRIPTION
Extent 187
650 ## - SUBJECT ADDED ENTRY--TOPICAL TERM
Topical term or geographic name as entry element IDE ( 05 )
856 ## - ELECTRONIC LOCATION AND ACCESS
Uniform Resource Identifier IDE ( 05 )
Holdings
Withdrawn status Lost status Source of classification or shelving scheme Damaged status Not for loan Home library Current library Shelving location Date acquired Cost, normal purchase price Total Checkouts Barcode Date last seen Price effective from Koha item type
    Dewey Decimal Classification     College of Agricultural Engineering and Technology, Dapoli , Library College of Agricultural Engineering and Technology, Dapoli , Library Book Cart 13/12/2021 37.00   T00126 13/12/2021 13/12/2021 Books

Contact Us: College of Agricultural Engineering and Technology, Dapoli, Dist.- Ratnagiri
Website: https://dbskkv.org Email: caetlibrary2015@gmail.com